Fisiología y metodología del entrenamiento : de la teoría a la práctica /

Bibliographic Details
Main Author: Billat, Véronique
Corporate Author: NetLibrary, Inc
Format: eBook
Language:Spanish
Published: [Barcelona] : Editorial Paidotribo, [2002]
Edition:1. ed.
Subjects:
Online Access:Connect to the full text of this electronic book

MARC

Tag First Indicator Second Indicator Subfields
LEADER 00000cam a2200000Ia 4500
001 in00002002116
005 20220105141433.0
006 m d
007 cr cn-
008 030812s2002 sp a sb 000 0 spa d
020 |a 0585465258 (electronic bk.) 
035 |a (OCoLC)ocm52835324 
040 |a N$T  |c N$T  |d OCLCQ  |d UtOrBLW 
049 |a IKMN 
050 1 4 |a RC1235  |b B55 2002eb 
082 0 4 |a 796.071  |2 22 
100 1 |a Billat, Véronique. 
245 1 0 |a Fisiología y metodología del entrenamiento :  |b de la teoría a la práctica /  |c Véronique Billat. 
250 |a 1. ed. 
264 1 |a [Barcelona] :  |b Editorial Paidotribo,  |c [2002] 
264 4 |c ©2002 
300 |a 194 pages :  |b illustrations 
336 |a text  |b txt  |2 rdacontent 
337 |a computer  |b c  |2 rdamedia 
338 |a online resource  |b cr  |2 rdacarrier 
500 |a Original title: Physiologie et methodologie de l'entrenaiment. 
504 |a Includes bibliographical references ((pages 185-194)). 
533 |a Electronic reproduction.  |b Boulder, Colo. :  |c NetLibrary,  |d 2003.  |n Available via World Wide Web.  |n Access may be limited to NetLibrary affiliated libraries. 
500 |a Electronic resource. 
650 0 |a Physical education and training  |x Physiological aspects. 
650 0 |a Physical education and training  |x Methodology. 
650 0 |a Physical fitness  |x Physiological aspects.  |0 http://id.loc.gov/authorities/subjects/sh2010106232 
650 0 |a Physical fitness  |x Methodology. 
653 |a Educació física  |a Aspectos fisiológicos. 
653 |a Educación físicas  |a Metodología. 
655 7 |a Electronic books.  |2 local 
710 2 |a NetLibrary, Inc.  |0 http://id.loc.gov/authorities/names/no99080690 
776 1 |c Original  |z 8480196270  |w (OCoLC)49819157 
856 4 1 |u https://proxy.library.tamu.edu/login?url=http://www.netLibrary.com/urlapi.asp?action=summary&v=1&bookid=87801  |z Connect to the full text of this electronic book  |t 0 
994 |a 92  |b IKM 
999 |a MARS 
999 f f |s 801b37f7-ec95-3c20-9649-3097453326ef  |i 3aa50128-90f0-3034-8c29-850f7f3413bb  |t 0 
952 f f |a Texas A&M University  |b College Station  |c Electronic Resources  |d Available Online  |t 0  |e RC1235 B55 2002eb  |h Library of Congress classification 
998 f f |a RC1235 B55 2002eb  |t 0  |l Available Online